000 00500nam a2200193Ia 4500
008 240510s9999 xx 000 0 und d
020 _a0003540642013
041 _aEng
082 _a004
082 _bL21
100 _aMayr, E.W. (et-al) (eds)
245 0 _aLectures on proof verification and approximation algorithms : lecture notes in computer science
260 _bSpringer: Tokyo
260 _c1998
300 _a344 p.
650 _acomputer science
942 _2ddc
942 _cRBK
999 _c27612
_d27612
945 _a1
_bMadushi Gamage
_c1
_dMadushi Gamage